Statistics for Where does Mauritania export Iron Ore to?

Click here to take the quiz!

General Stats

  • This quiz has been taken 27 times
  • The average score is 6 of 9

Answer Stats

CountriesPercentage% Correct
France2%
96%
China78%
91%
United Kingdom0.10%
87%
Germany8.4%
70%
Italy8.3%
70%
Japan2.6%
61%
Netherlands0.24%
52%
Sweden0.31%
43%
Norway0.25%
39%

Score Distribution

Percentile by Number Answered

Percent of People with Each Score

Your Score History

You have not taken this quiz